[Event "Pozarevac Rudar FM 02"]
[Site "Pozarevac"]
[Date "2024.02.14"]
[Round "9"]
[White "Milunovic, Toni"]
[Black "Dimitrijevic, Andjela"]
[Result "1-0"]
[WhiteElo "2117"]
[BlackElo "1854"]
[PlyCount "137"]
[EventDate "2024.02.08"]
[EventType "schev"]
[EventRounds "10"]
[EventCountry "SRB"]
[SourceTitle "CB08_2024"]
[SourceDate "2024.02.21"]
[SourceVersion "1"]
[SourceVersionDate "2024.02.21"]
[SourceQuality "1"]
[WhiteTeam "Team A"]
[BlackTeam "Team B"]
[WhiteTeamCountry "SRB"]
[BlackTeamCountry "SRB"]

1. Nf3 d5 2. d4 Nf6 3. c4 dxc4 4. Nc3 a6 5. a4 Nc6 6. Bg5 Bg4 7. e3 h6 8. Bxf6 exf6 9. Bxc4 Bb4 10. Rc1 0-0 11. 0-0 Qd7 12. h3 Bh5 13. Be2 Rad8 14. Ne4 Qd5 15. Ng3 Bg6 16. Nh4 Bh7 17. Bc4 Qg5 18. Nf3 Qa5 19. Qb3 Qb6 20. Bd3 Bxd3 21. Qxd3 Ne5 22. Qb3 Nxf3+ 23. gxf3 Rfe8 24. Kg2 a5 25. Qc4 c6 26. Rfd1 Bf8 27. b3 Qb4 28. h4 Qd6 29. h5 Qd7 30. f4 f5 31. Rc2 Kh8 32. Rcd2 Bb4 33. Rc2 Qd5+ 34. Qxd5 Rxd5 35. Rdc1 Kg8 36. Ne2 f6 37. Kf3 Kf7 38. Rg1 Rd7 39. Nc1 Rd5 40. Nd3 Bf8 41. Rgc1 Red8 42. Rb1 R8d7 43. Ke2 Ke6 44. Nb2 c5 45. dxc5 Bxc5 46. Rd1 b6 47. Rxd5 Rxd5 48. Nc4 Rd7 49. Nxa5 Bb4 50. Nc6 Bf8 51. Nd4+ Kd5 52. Rc8 Bb4 53. Nxf5 Ke4 54. Ng3+ Kd5 55. Rc2 Kd6 56. Rc4 Ba3 57. Rd4+ Kc6 58. Rxd7 Kxd7 59. Nf5 Bf8 60. Kd3 Kc6 61. Kc4 Kc7 62. Kd5 Kd7 63. e4 Bc5 64. f3 Bf8 65. e5 Ke8 66. e6 Kd8 67. Kc6 Bc5 68. a5 Bf2 69. axb6 1-0

[Event "Pozarevac Rudar FM2 11"]
[Site "Pozarevac"]
[Date "2023.11.13"]
[Round "9.1"]
[White "Rajkovic, Aleksandar"]
[Black "Dimitrijevic, Andjela"]
[Result "1-0"]
[WhiteElo "2127"]
[BlackElo "1836"]
[PlyCount "87"]
[EventDate "2023.11.07"]
[EventType "schev"]
[EventRounds "10"]
[EventCountry "SRB"]
[SourceTitle "CB46_2023"]
[SourceDate "2023.11.15"]
[SourceVersion "1"]
[SourceVersionDate "2023.11.15"]
[SourceQuality "1"]
[WhiteTeam "Team A"]
[BlackTeam "Team B"]
[WhiteTeamCountry "SRB"]
[BlackTeamCountry "SRB"]

1. e4 c5 2. Nf3 d6 3. d4 cxd4 4. Qxd4 Nf6 5. e5 Nc6 6. Bb5 Qa5+ 7. Nc3 Qxb5 8. Nxb5 Nxd4 9. Nfxd4 dxe5 10. Nc7+ Kd8 11. Nxa8 exd4 12. Bf4 Nd5 13. Be5 b6 14. 0-0-0 Bb7 15. Rxd4 f6 16. Bg3 e5 17. Rxd5+ Bxd5 18. Rd1 Bd6 19. Rxd5 Kd7 20. Nxb6+ axb6 21. c4 Ke6 22. Kc2 Rc8 23. b3 Ra8 24. a4 g5 25. f3 Bc5 26. Be1 h5 27. h3 g4 28. hxg4 hxg4 29. a5 gxf3 30. gxf3 Bd4 31. Rb5 bxa5 32. Rxa5 Rh8 33. b4 Rh2+ 34. Kd3 Rh3 35. Ke2 Rh2+ 36. Kd3 Rh3 37. Ra6+ Kf5 38. c5 Rxf3+ 39. Kc4 Ke4 40. c6 Rf1 41. c7 Rxe1 42. Rc6 Rc1+ 43. Kb5 Bb6 44. Kxb6 1-0

[Event "Pozarevac Rudar FM2 11"]
[Site "Pozarevac"]
[Date "2023.11.12"]
[Round "7.3"]
[White "Popchev, Milko"]
[Black "Dimitrijevic, Andjela"]
[Result "1-0"]
[WhiteElo "2244"]
[BlackElo "1836"]
[PlyCount "57"]
[EventDate "2023.11.07"]
[EventType "schev"]
[EventRounds "10"]
[EventCountry "SRB"]
[SourceTitle "CB46_2023"]
[SourceDate "2023.11.15"]
[SourceVersion "1"]
[SourceVersionDate "2023.11.15"]
[SourceQuality "1"]
[WhiteTeam "Team A"]
[BlackTeam "Team B"]
[WhiteTeamCountry "SRB"]
[BlackTeamCountry "SRB"]

1. b3 e5 2. Bb2 d6 3. c4 Nf6 4. Nc3 Be7 5. g3 0-0 6. Bg2 c6 7. d4 Nbd7 8. e3 Re8 9. Nge2 a5 10. 0-0 Bf8 11. h3 Qc7 12. Qc2 g6 13. Rfd1 exd4 14. Rxd4 Nc5 15. Rad1 Bd7 16. g4 Ne6 17. R4d2 Rac8 18. Ng3 Red8 19. Nce4 Ne8 20. f4 Qb6 21. c5 Qa7 22. f5 N6c7 23. Nxd6 Bxd6 24. Rxd6 Nxd6 25. Qc3 f6 26. Qxf6 Nde8 27. Qh8+ Kf7 28. Qxh7+ Kf8 29. fxg6 1-0

[Event "Pozarevac Rudar FM2 11"]
[Site "Pozarevac"]
[Date "2023.11.11"]
[Round "6.4"]
[White "Dimitrijevic, Andjela"]
[Black "Zivkovic, Momcilo"]
[Result "0-1"]
[WhiteElo "1836"]
[BlackElo "1986"]
[PlyCount "76"]
[EventDate "2023.11.07"]
[EventType "schev"]
[EventRounds "10"]
[EventCountry "SRB"]
[SourceTitle "CB46_2023"]
[SourceDate "2023.11.15"]
[SourceVersion "1"]
[SourceVersionDate "2023.11.15"]
[SourceQuality "1"]
[WhiteTeam "Team B"]
[BlackTeam "Team A"]
[WhiteTeamCountry "SRB"]
[BlackTeamCountry "SRB"]

1. e4 c5 2. Nf3 Nc6 3. Bb5 g6 4. Bxc6 bxc6 5. 0-0 Bg7 6. Re1 e5 7. c3 Ne7 8. d4 cxd4 9. cxd4 exd4 10. Nxd4 0-0 11. Nc3 Rb8 12. Qd3 d6 13. Bg5 Bd7 14. Rad1 Rxb2 15. Nb3 Be6 16. Nd4 Qc7 17. Nxe6 fxe6 18. Ne2 Nc8 19. Qc4 Qf7 20. Be3 c5 21. f3 Re8 22. Bc1 Rb4 23. Qc2 Qb7 24. Ba3 Rb6 25. Qa4 Qc6 26. Qc4 Qb5 27. Qd3 Qxd3 28. Rxd3 Ra6 29. Rc1 Nb6 30. Rc2 c4 31. Re3 Rd8 32. Bc1 d5 33. exd5 exd5 34. Re7 d4 35. Nf4 Bf6 36. Rb7 d3 37. Rd2 Bd4+ 38. Kf1 Be3 0-1

[Event "Pozarevac Rudar FM2 11"]
[Site "Pozarevac"]
[Date "2023.11.08"]
[Round "2.3"]
[White "Dimitrijevic, Andjela"]
[Black "Popchev, Milko"]
[Result "0-1"]
[WhiteElo "1836"]
[BlackElo "2244"]
[PlyCount "119"]
[EventDate "2023.11.07"]
[EventType "schev"]
[EventRounds "10"]
[EventCountry "SRB"]
[SourceTitle "CB46_2023"]
[SourceDate "2023.11.15"]
[SourceVersion "1"]
[SourceVersionDate "2023.11.15"]
[SourceQuality "1"]
[WhiteTeam "Team B"]
[BlackTeam "Team A"]
[WhiteTeamCountry "SRB"]
[BlackTeamCountry "SRB"]

1. e4 c5 2. Nc3 Nc6 3. Bb5 Qc7 4. Nf3 e6 5. 0-0 Nge7 6. Re1 Nd4 7. Bd3 Ng6 8. Nxd4 cxd4 9. Nb5 Qb6 10. a4 a6 11. a5 Qc5 12. b4 Qe5 13. Na3 Bxb4 14. Bb2 Qxa5 15. Bxd4 0-0 16. Nb5 Qd8 17. e5 Ba5 18. Nd6 Bb6 19. Bxb6 Qxb6 20. Rb1 Qc5 21. Qh5 f5 22. Qe2 b5 23. Qe3 Qa7 24. Qxa7 Rxa7 25. Ra1 Rc7 26. g3 Ne7 27. Nxc8 Rfxc8 28. Rxa6 Rb8 29. f4 Nd5 30. Rb1 Rbb7 31. Kf2 Kf7 32. Ra2 b4 33. Ra4 Ke7 34. Ra6 h6 35. Kf3 Rc6 36. Rxc6 dxc6 37. Bc4 g5 38. Ra1 g4+ 39. Ke2 Nc7 40. Ra4 Kd7 41. Bb3 c5 42. Bc4 h5 43. Kd1 Rb8 44. Kc1 h4 45. Kb2 Rh8 46. Ra1 hxg3 47. hxg3 Rh2 48. d4 Kc6 49. dxc5 Kxc5 50. Ra7 Kc6 51. Kb3 Rg2 52. Kxb4 Rxg3 53. Ra1 Rf3 54. Rd1 Rxf4 55. Rd6+ Kb7 56. Kc5 g3 57. Rd1 g2 58. Rg1 Rf2 59. Rb1+ Kc8 60. c3 0-1

[Event "SRB-ch Central int"]
[Site "Dimitrovgrad"]
[Date "2023.08.26"]
[Round "8"]
[White "Maksimovic, Branimir"]
[Black "Dimitrijevic, Andjela"]
[Result "1-0"]
[WhiteElo "2127"]
[BlackElo "1826"]
[PlyCount "89"]
[EventDate "2023.08.20"]
[EventType "swiss"]
[EventRounds "9"]
[EventCountry "BUL"]
[SourceTitle "CBM 215 Extra"]
[Source "ChessBase"]
[SourceDate "2023.09.30"]
[SourceVersion "1"]
[SourceVersionDate "2023.09.30"]
[SourceQuality "1"]

1. Nf3 d5 2. g3 Bg4 3. Bg2 c6 4. h3 Bh5 5. 0-0 Nf6 6. c4 e6 7. d3 Bc5 8. Qc2 Nbd7 9. Nbd2 0-0 10. b3 Re8 11. Bb2 a5 12. a3 Bf8 13. g4 Bg6 14. Nh4 e5 15. Nxg6 hxg6 16. e3 Nb6 17. Rfe1 Nfd7 18. Rad1 Bc5 19. d4 exd4 20. exd4 Be7 21. c5 Nc8 22. Nf3 Na7 23. g5 Nb5 24. h4 Nc7 25. Bh3 Nf8 26. Ne5 Nce6 27. Bc1 f5 28. f4 b6 29. b4 axb4 30. axb4 bxc5 31. dxc5 Qc7 32. Bg2 Ra7 33. h5 gxh5 34. Qxf5 Bd8 35. g6 Bf6 36. Qxh5 Bxe5 37. Rxe5 Qd7 38. Bh3 Qd8 39. Rde1 Rae7 40. Bxe6+ Rxe6 41. Rxe6 Rxe6 42. Rxe6 Nxe6 43. Qh7+ Kf8 44. f5 Nd4 45. Qh8+ 1-0

[Event "SRB-ch Central int"]
[Site "Dimitrovgrad"]
[Date "2023.08.23"]
[Round "5"]
[White "Tonic, Milos"]
[Black "Dimitrijevic, Andjela"]
[Result "1-0"]
[WhiteElo "1960"]
[BlackElo "1826"]
[PlyCount "93"]
[EventDate "2023.08.20"]
[EventType "swiss"]
[EventRounds "9"]
[EventCountry "BUL"]
[SourceTitle "CBM 215 Extra"]
[Source "ChessBase"]
[SourceDate "2023.09.30"]
[SourceVersion "1"]
[SourceVersionDate "2023.09.30"]
[SourceQuality "1"]

1. c4 e5 2. Nc3 Nf6 3. Nf3 Nc6 4. e3 Bb4 5. Nd5 Bd6 6. d3 0-0 7. a3 Rb8 8. e4 Nxd5 9. cxd5 Ne7 10. d4 exd4 11. Qxd4 c5 12. dxc6 dxc6 13. Qxa7 Ng6 14. Be3 Bg4 15. Be2 Qe7 16. h3 Bxf3 17. Bxf3 Ra8 18. Qb6 Ne5 19. Be2 Bb4+ 20. Kf1 Rfd8 21. g3 Nd3 22. Rd1 Ra6 23. Qxd8+ Qxd8 24. Bxd3 Be7 25. Be2 Qa5 26. Bxa6 Qxa6+ 27. Kg2 Qa4 28. Rd4 Qc2 29. Rhd1 h6 30. R1d2 Qb1 31. f3 Bf6 32. R4d3 Qa1 33. Bd4 Bxd4 34. Rxd4 Qe1 35. Rf2 c5 36. Rd8+ Kh7 37. Rd7 b5 38. Rxf7 Qa5 39. Rd7 c4 40. Rd5 Qa6 41. Rdd2 Qf6 42. Rfe2 c3 43. bxc3 Qxc3 44. e5 Qxa3 45. e6 Qe7 46. Rd7 Qe8 47. e7 1-0

[Event "EU-ch 23rd"]
[Site "Vrnjacka Banja"]
[Date "2023.03.04"]
[Round "2"]
[White "Rabrenovic, Vladan"]
[Black "Dimitrijevic, Andjela"]
[Result "1-0"]
[WhiteElo "2223"]
[BlackElo "1863"]
[PlyCount "67"]
[EventDate "2023.03.03"]
[EventType "swiss"]
[EventRounds "11"]
[EventCountry "SRB"]
[SourceTitle "CBM 213"]
[Source "ChessBase"]
[SourceDate "2023.04.30"]
[SourceVersion "1"]
[SourceVersionDate "2023.04.30"]
[SourceQuality "1"]

1. d4 d5 2. Bf4 Nf6 3. e3 Bg4 4. f3 Bf5 5. g4 Bg6 6. c4 e6 7. Nc3 c6 8. Qb3 Qc8 9. Rc1 Nbd7 10. h4 dxc4 11. Bxc4 h6 12. Nge2 Be7 13. h5 Bh7 14. e4 Nb6 15. Bd3 0-0 16. Bb1 Qd7 17. g5 hxg5 18. Bxg5 Ne8 19. Bxe7 Qxe7 20. h6 Rd8 21. hxg7 Nxg7 22. e5 Bxb1 23. Rxb1 f5 24. Kf2 Kf7 25. Rbg1 Rh8 26. a4 Rxh1 27. Rxh1 Nd5 28. Nxd5 Rxd5 29. Qe3 c5 30. Rh7 cxd4 31. Qh6 Kg8 32. Rh8+ Kf7 33. Nf4 Qc5 34. Qf6# 1-0

[Event "SRB-ch (Women) 16th"]
[Site "Bajina Basta"]
[Date "2022.12.14"]
[Round "9"]
[White "Gajcin, Marina"]
[Black "Dimitrijevic, Andjela"]
[Result "1-0"]
[WhiteElo "2188"]
[BlackElo "2021"]
[PlyCount "101"]
[EventDate "2022.12.06"]
[EventType "tourn"]
[EventRounds "9"]
[EventCountry "SRB"]
[SourceTitle "CBM 211 Extra"]
[Source "ChessBase"]
[SourceDate "2023.01.31"]
[SourceVersion "1"]
[SourceVersionDate "2023.01.31"]
[SourceQuality "1"]

1. e4 c5 2. Nf3 d6 3. Bb5+ Bd7 4. Bxd7+ Nxd7 5. c4 Ngf6 6. Nc3 g6 7. 0-0 Bg7 8. h3 0-0 9. d3 e6 10. Bf4 Ne8 11. Qd2 Ne5 12. Nh2 Nc7 13. Bg5 f6 14. Be3 Nc6 15. Ne2 f5 16. f4 Qf6 17. Rab1 b6 18. Nf3 Rad8 19. Bf2 Rd7 20. Qe1 Re8 21. a3 a5 22. Qd1 Qd8 23. Qa4 Qa8 24. Nc3 Rdd8 25. Bh4 Rb8 26. Kh1 Qb7 27. Qd1 Nd4 28. a4 Na6 29. Nxd4 cxd4 30. Nb5 Qc6 31. exf5 exf5 32. Bf2 Nc5 33. Nxd4 Qxa4 34. Qf3 Qd7 35. Nb5 Kh8 36. Qd5 Rbd8 37. Bh4 Na6 38. Bxd8 Rxd8 39. Rfe1 Nb4 40. Qf3 d5 41. Re2 d4 42. Rbe1 Bf6 43. Re6 Qg7 44. Re8+ Rxe8 45. Rxe8+ Qg8 46. Rxg8+ Kxg8 47. Nd6 Bg7 48. Qa8+ Bf8 49. Qe8 Nxd3 50. Qf7+ Kh8 51. Qxf8# 1-0

[Event "SRB-ch (Women) 16th"]
[Site "Bajina Basta"]
[Date "2022.12.09"]
[Round "4"]
[White "Grozdanovic, Anastasia"]
[Black "Dimitrijevic, Andjela"]
[Result "1/2-1/2"]
[WhiteElo "2009"]
[BlackElo "2021"]
[PlyCount "117"]
[EventDate "2022.12.06"]
[EventType "tourn"]
[EventRounds "9"]
[EventCountry "SRB"]
[SourceTitle "CBM 211 Extra"]
[Source "ChessBase"]
[SourceDate "2023.01.31"]
[SourceVersion "1"]
[SourceVersionDate "2023.01.31"]
[SourceQuality "1"]

1. d4 d5 2. c4 dxc4 3. Nf3 Nf6 4. e3 Bg4 5. Bxc4 e6 6. h3 Bh5 7. Nc3 Nbd7 8. 0-0 Bb4 9. Be2 0-0 10. Bd2 c5 11. a3 Bxc3 12. Bxc3 Ne4 13. Rc1 Nxc3 14. Rxc3 b6 15. Bb5 cxd4 16. Qxd4 Bxf3 17. Bxd7 Qg5 18. g3 Rfd8 19. e4 Be2 20. Re1 Bb5 21. Rc7 Bxd7 22. Rxd7 Rxd7 23. Qxd7 Rd8 24. Qc7 Qd2 25. Re3 Qd7 26. Rc3 Kf8 27. Qf4 Rc8 28. Rxc8+ Qxc8 29. Qd6+ Kg8 30. Qe7 a5 31. Qd6 b5 32. Qb6 g6 33. Qxb5 Qc1+ 34. Kg2 Qe1 35. Qb8+ Kg7 36. Qe5+ Kg8 37. Qd4 h5 38. h4 Qb1 39. Qe5 a4 40. Qb8+ Kh7 41. Qb7 Kg7 42. Qb4 Qd1 43. Qc3+ Kg8 44. e5 Qd5+ 45. f3 Qb5 46. Kf2 Qb6+ 47. Ke2 Qb5+ 48. Ke3 Qf1 49. Kf4 Qb1 50. g4 hxg4 51. fxg4 Kg7 52. Kg5 Qd1 53. Kf4 Qf1+ 54. Kg3 Qg1+ 55. Kf3 Qh1+ 56. Kg3 Qg1+ 57. Kf4 Qf1+ 58. Kg5 Qd1 59. Kf4 1/2-1/2

[Event "SRB-ch (Women) 16th"]
[Site "Bajina Basta"]
[Date "2022.12.07"]
[Round "2"]
[White "Drljevic, Ljilja"]
[Black "Dimitrijevic, Andjela"]
[Result "1/2-1/2"]
[WhiteElo "2175"]
[BlackElo "2021"]
[PlyCount "120"]
[EventDate "2022.12.06"]
[EventType "tourn"]
[EventRounds "9"]
[EventCountry "SRB"]
[SourceTitle "CBM 211 Extra"]
[Source "ChessBase"]
[SourceDate "2023.01.31"]
[SourceVersion "1"]
[SourceVersionDate "2023.01.31"]
[SourceQuality "1"]

1. d4 d5 2. Bg5 h6 3. Bh4 Nd7 4. e3 Ngf6 5. Bd3 e6 6. Nd2 Be7 7. f4 c5 8. c3 Qb6 9. Rb1 0-0 10. Nh3 cxd4 11. exd4 Re8 12. Bf2 a5 13. 0-0 Qc6 14. Qe2 b6 15. g4 Bb7 16. g5 Ne4 17. Be3 hxg5 18. fxg5 e5 19. Nxe4 dxe4 20. Bc4 Rf8 21. b3 Qg6 22. Nf2 Kh8 23. h4 f5 24. h5 Qe8 25. Nh3 f4 26. Bxf4 exf4 27. Rxf4 Bd6 28. Rxf8+ Nxf8 29. Rf1 Qd7 30. Nf2 Qe8 31. Re1 e3 32. Qxe3 Qxh5 33. Qh3 Qxh3 34. Nxh3 Bc6 35. Bf7 Ra7 36. g6 Re7 37. Rf1 Be8 38. Ng5 Bc7 39. Kf2 Bxf7 40. Nxf7+ Kg8 41. Rg1 Nxg6 42. Rxg6 Rxf7+ 43. Ke3 Rf6 44. Rg1 Kf7 45. Ke4 Bf4 46. c4 g5 47. a3 Ke6 48. b4 axb4 49. axb4 Bd2 50. c5 bxc5 51. bxc5 Rf5 52. Kd3 Kd5 53. Kxd2 Kxd4 54. c6 Rf2+ 55. Kd1 Rf6 56. Rg4+ Kc5 57. c7 Rc6 58. Rxg5+ Kb6 59. Rg6 Kxc7 60. Rxc6+ Kxc6 1/2-1/2

[Event "SRB-ch sf (Women)"]
[Site "Paracin"]
[Date "2022.03.22"]
[Round "6"]
[White "Dimitrijevic, Andjela"]
[Black "Manakova, Maria"]
[Result "0-1"]
[WhiteElo "1921"]
[BlackElo "2257"]
[PlyCount "68"]
[EventDate "2022.03.17"]
[EventType "swiss"]
[EventRounds "7"]
[EventCountry "SRB"]
[SourceTitle "EXT 2023"]
[Source "ChessBase"]
[SourceDate "2022.10.05"]
[SourceVersion "1"]
[SourceVersionDate "2022.10.05"]
[SourceQuality "1"]

1. e4 c5 2. Nc3 Nc6 3. Bb5 Nd4 4. Nf3 a6 5. Bd3 Nc6 6. 0-0 d6 7. a3 g6 8. Rb1 Bg7 9. b4 cxb4 10. axb4 Nf6 11. b5 axb5 12. Bxb5 0-0 13. Re1 e5 14. d4 Nxd4 15. Nxd4 exd4 16. Na4 Bd7 17. Qxd4 Ng4 18. Qb4 Bxb5 19. Qxb5 Qh4 20. Bb2 Qxf2+ 21. Kh1 Qf4 22. Kg1 Qxh2+ 23. Kf1 Qh1+ 24. Ke2 Qxg2+ 25. Kd1 Nf2+ 26. Ke2 Nxe4+ 27. Ke3 Rfe8 28. Kd3 Qd2+ 29. Kc4 Rec8+ 30. Kb3 Qxc2+ 31. Ka3 Nc5 32. Bxg7 Rxa4+ 33. Qxa4 Qxa4+ 34. Kb2 Nd3# 0-1

[Event "SRB-ch sf (Women)"]
[Site "Paracin"]
[Date "2022.03.17"]
[Round "1"]
[White "Dimitrijevic, Andjela"]
[Black "Chelushkina, Irina"]
[Result "1/2-1/2"]
[WhiteElo "1921"]
[BlackElo "2183"]
[PlyCount "136"]
[EventDate "2022.03.17"]
[EventType "swiss"]
[EventRounds "7"]
[EventCountry "SRB"]
[SourceTitle "EXT 2023"]
[Source "ChessBase"]
[SourceDate "2022.10.05"]
[SourceVersion "1"]
[SourceVersionDate "2022.10.05"]
[SourceQuality "1"]

1. e4 g6 2. d4 Bg7 3. Nc3 c6 4. Nf3 Nf6 5. h3 0-0 6. Bc4 d5 7. exd5 cxd5 8. Bb3 Nc6 9. 0-0 Na5 10. Re1 a6 11. Bg5 Be6 12. Qd2 b5 13. Bh6 Nc4 14. Bxc4 dxc4 15. Bxg7 Kxg7 16. Ng5 Bd5 17. Nxd5 Nxd5 18. Ne4 e6 19. Nc3 Nf6 20. Rad1 b4 21. Ne4 Nd5 22. Qe2 c3 23. b3 Qe7 24. Nc5 Rfd8 25. Qf3 Qf6 26. Qxf6+ Nxf6 27. Rd3 a5 28. g3 h5 29. Kg2 Rd5 30. Re5 Ra7 31. Rxd5 Nxd5 32. Kf3 Nb6 33. Ke2 a4 34. Rd1 axb3 35. axb3 Ra8 36. Kf3 Rd8 37. Rd3 Nd5 38. Rd1 Nc7 39. Ke3 Ra8 40. Nd3 Nd5+ 41. Kf3 g5 42. Re1 Ra2 43. Re2 Kf6 44. Ke4 Ke7 45. Kf3 Kf6 46. Ke4 Kg6 47. Kf3 Kg7 48. Nc5 Ra1 49. Nd3 Rd1 50. g4 h4 51. Re5 Kg6 52. Re2 Rxd3+ 53. cxd3 Nf4 54. Rc2 Nxh3 55. Ke4 Nf4 56. f3 h3 57. Rh2 Kf6 58. d5 exd5+ 59. Kd4 Kg6 60. Ke3 f5 61. d4 Kf6 62. Rh1 Kg6 63. Rh2 Ng2+ 64. Ke2 Nf4+ 65. Ke3 Kg7 66. Rh1 Kf6 67. Rh2 Ke6 68. Rh1 Kf6 1/2-1/2

[Event "Paracin Summer op 14th"]
[Site "Paracin"]
[Date "2021.07.10"]
[Round "2"]
[White "Gunduz, Umut Erdem"]
[Black "Dimitrijevic, Andjela"]
[Result "1-0"]
[WhiteElo "2131"]
[BlackElo "1882"]
[PlyCount "63"]
[EventDate "2021.07.09"]
[EventType "swiss"]
[EventRounds "9"]
[EventCountry "SRB"]
[SourceTitle "EXT 2022"]
[Source "ChessBase"]
[SourceDate "2021.10.06"]
[SourceVersion "1"]
[SourceVersionDate "2021.10.06"]
[SourceQuality "1"]

1. e4 c5 2. Nf3 d6 3. d4 cxd4 4. Nxd4 Nf6 5. Nc3 Nc6 6. Bg5 e6 7. Qd2 a6 8. 0-0-0 Bd7 9. f4 Be7 10. Nf3 b5 11. e5 b4 12. exf6 bxc3 13. Qxc3 gxf6 14. Bh4 d5 15. Kb1 Rg8 16. a3 f5 17. Bxe7 Qxe7 18. g3 f6 19. Nh4 Kf7 20. Bg2 Rgc8 21. Rhe1 Nd8 22. Nxf5 Qf8 23. Qe3 Rab8 24. Rxd5 exd5 25. Qe7+ Qxe7 26. Rxe7+ Kg6 27. Nh4+ Kh6 28. Rxd7 Nb7 29. Bxd5 Nc5 30. Nf5+ Kg6 31. Rg7+ Kh5 32. g4# 1-0

[Event "Paracin Summer op 14th"]
[Site "Paracin"]
[Date "2021.07.09"]
[Round "1"]
[White "Dimitrijevic, Andjela"]
[Black "Ivanovic, Marko"]
[Result "0-1"]
[WhiteElo "1882"]
[BlackElo "2245"]
[PlyCount "80"]
[EventDate "2021.07.09"]
[EventType "swiss"]
[EventRounds "9"]
[EventCountry "SRB"]
[SourceTitle "EXT 2022"]
[Source "ChessBase"]
[SourceDate "2021.10.06"]
[SourceVersion "1"]
[SourceVersionDate "2021.10.06"]
[SourceQuality "1"]

1. e4 d6 2. d4 Nf6 3. Nc3 e5 4. Nf3 Nbd7 5. Bc4 Be7 6. 0-0 0-0 7. Re1 c6 8. a4 b6 9. Bg5 Qc7 10. d5 c5 11. a5 a6 12. axb6 Nxb6 13. Qe2 Nxc4 14. Qxc4 Rb8 15. Ra2 Nh5 16. Bc1 Rb4 17. Qe2 g6 18. Qd1 f5 19. exf5 Bxf5 20. Ng5 Bxg5 21. Bxg5 Qb7 22. Bc1 Nf6 23. f3 Kg7 24. Kh1 Ra8 25. Qe2 Nxd5 26. Nxd5 Qxd5 27. Rxa6 Rxa6 28. Qxa6 Bxc2 29. Qe2 Ba4 30. Qe3 Bc6 31. Qg5 Qf7 32. Qd8 Qd5 33. Kg1 Rg4 34. g3 Rd4 35. Rf1 Rd3 36. Qh4 h5 37. Qg5 e4 38. Qh6+ Kg8 39. b4 cxb4 40. Bb2 Qc5+ 0-1

[Event "Veliko Gradiste Silver Lake op-A"]
[Site "Veliko Gradiste"]
[Date "2021.06.29"]
[Round "8"]
[White "Dimitrijevic, Andjela"]
[Black "Petrovic, Aleksa"]
[Result "0-1"]
[WhiteElo "1826"]
[BlackElo "2158"]
[PlyCount "92"]
[EventDate "2021.06.23"]
[EventType "swiss"]
[EventRounds "9"]
[EventCountry "SRB"]
[SourceTitle "EXT 2022"]
[Source "ChessBase"]
[SourceDate "2021.10.06"]
[SourceVersion "1"]
[SourceVersionDate "2021.10.06"]
[SourceQuality "1"]

1. e4 d6 2. d4 Nf6 3. Nc3 Nbd7 4. Nf3 e5 5. Bc4 Be7 6. 0-0 0-0 7. Re1 c6 8. a4 b6 9. Bg5 Qc7 10. Ba2 a6 11. Nh4 g6 12. Bh6 Re8 13. Nf3 Bf8 14. Qd2 Ra7 15. Rad1 exd4 16. Nxd4 Bxh6 17. Qxh6 b5 18. Qf4 b4 19. Nb1 d5 20. Qxc7 Rxc7 21. exd5 Rxe1+ 22. Rxe1 cxd5 23. c3 Nc5 24. cxb4 Nd3 25. Rf1 Nxb4 26. Nc3 Nxa2 27. Nxa2 Rc4 28. Rc1 Rxd4 29. Rxc8+ Kg7 30. f3 Rd1+ 31. Kf2 Rd2+ 32. Kf1 Rxb2 33. Nc1 Rb7 34. a5 Rb5 35. Rc6 Rxa5 36. Nb3 Ra4 37. Ke2 Ra2+ 38. Kf1 a5 39. Ra6 a4 40. Nc5 a3 41. Nd3 Ra1+ 42. Kf2 d4 43. Nb4 Rb1 44. Nd3 Rb3 45. Ke2 Nd5 46. Kd2 Rxd3+ 0-1

[Event "Veliko Gradiste Silver Lake op-A"]
[Site "Veliko Gradiste"]
[Date "2021.06.24"]
[Round "2"]
[White "Herega, Nejc"]
[Black "Dimitrijevic, Andjela"]
[Result "1-0"]
[WhiteElo "2099"]
[BlackElo "1826"]
[PlyCount "67"]
[EventDate "2021.06.23"]
[EventType "swiss"]
[EventRounds "9"]
[EventCountry "SRB"]
[SourceTitle "CBM 203 Extra"]
[Source "ChessBase"]
[SourceDate "2021.09.30"]
[SourceVersion "1"]
[SourceVersionDate "2021.09.30"]
[SourceQuality "1"]

1. d4 Nf6 2. Nf3 d6 3. c4 Nbd7 4. Nc3 c6 5. g3 e5 6. e4 Be7 7. Bg2 0-0 8. 0-0 a6 9. Qe2 b5 10. h3 Bb7 11. Rd1 b4 12. Na4 Qc7 13. c5 a5 14. cxd6 Bxd6 15. dxe5 Ba6 16. Qc2 Bxe5 17. Nxe5 Nxe5 18. Bf4 Bb5 19. Nc5 Rad8 20. Rxd8 Rxd8 21. Rd1 Re8 22. a3 Qe7 23. a4 b3 24. Qc3 Be2 25. Rd2 Bh5 26. Bxe5 Qxe5 27. Qxe5 Rxe5 28. f4 Re8 29. g4 Bg6 30. f5 Rb8 31. fxg6 hxg6 32. e5 Ne8 33. Rd3 Nc7 34. Nxb3 1-0

[Event "SRB-ch U18 Girls"]
[Site "Subotica"]
[Date "2021.05.07"]
[Round "6"]
[White "Dimitrijevic, Andjela"]
[Black "Sakotic, Ana"]
[Result "1-0"]
[WhiteElo "1834"]
[BlackElo "1690"]
[PlyCount "70"]
[EventDate "2021.05.03"]
[EventType "swiss"]
[EventRounds "9"]
[EventCountry "SRB"]
[SourceTitle "EXT 2022"]
[Source "ChessBase"]
[SourceDate "2021.10.06"]
[SourceVersion "1"]
[SourceVersionDate "2021.10.06"]
[SourceQuality "1"]

1. e4 c5 2. Nc3 Nc6 3. Bb5 a6 4. Bxc6 bxc6 5. d3 d5 6. h3 e6 7. Nf3 h6 8. 0-0 Nf6 9. Qe2 Be7 10. Na4 c4 11. Be3 Rb8 12. e5 cxd3 13. cxd3 Nd7 14. Qc2 Qc7 15. d4 0-0 16. Rfd1 Bb7 17. Ne1 f6 18. f4 Nb6 19. Nxb6 Qxb6 20. Nd3 Rfc8 21. b3 Ba3 22. Rf1 Be7 23. Nc5 Bxc5 24. dxc5 Qd8 25. Bd4 f5 26. Qf2 Ra8 27. g4 fxg4 28. hxg4 Rc7 29. f5 Qg5 30. Qf4 Qxf4 31. Rxf4 exf5 32. gxf5 Rf8 33. Raf1 Bc8 34. e6 g6 35. Be5 Rb7 1-0